000 00418 a2200157 4500
001 169158
020 _a
040 _cMagnum
100 _aGarcia, Regina Leite (Org.)
240 1 0 _aA formacao da professora alfabetizadora: reflexoes sobre a pratica
_lpor
245 1 0 _aA formacao da professora alfabetizadora: reflexoes sobre a pratica
362 0 _a1899
440 1 _aCortez
697 _aENSINO
942 _cBK
999 _c169158
_d169158